000 00642nam a2200265Ia 4500
005 20260121170213.0
008 008 260114s9999 xx 000 0 eng d
020 _a9789811052187
037 _aEBOOK
040 _aCRL
040 _beng
040 _cCRL
041 _2eng
041 _aeng
084 _qCRL
100 _aErik Mooi, Marko Sarstedt, Irma Mooi-Reci
_91061066
245 0 _aMarket Research
260 _bSpringer
260 _bSpringer
260 _c2018
856 _uhttps://link.springer.com/openurl?genre=book&isbn=978-981-10-5218-7
942 _cEBOOK
999 _c1626795
_d1626795